00703nam a2200241 a 4500001001300000003000900013005001700022008004100039020001000080082002100090100002500111245002900136260004700165300000800212500003500220505001000255650001900265700002500284902000800309942000700317952012200324999001500446nice12345678IN_TiNIC20260116012812.0050524s1985 boma grp 000 0 urd  ac10000a305.480297bENG4 aEngineer, Asghar Ali aQuran Men Awrat Ka Darja aBombaybInstitute of Islamic Studiesc1985 a81p aincludes index and biblioraphy2 aIndex aWomen in Islam1 aEngineer, Asghar Ali bSRS cBK 001040708StackRoom-aHMIbHMId2007-03-26g100.00l0o305.480297 ENG4p012249r2007-03-26v100.00w2005-05-24yBK c8428d8428